| 000 | 00731nam a2200265Ia 4500 | ||
|---|---|---|---|
| 003 | OSt | ||
| 005 | 20220918163432.0 | ||
| 006 | a|||||r|||| 00| 0 | ||
| 007 | ta | ||
| 008 | 220917b |||||||| |||| 00| 0 eng d | ||
| 020 | _a0 85270 039 3 | ||
| 024 | _a65,980 | ||
| 037 | _cTextual | ||
| 040 |
_aARTS _cARTS _beng |
||
| 041 |
_2eng _aeng |
||
| 082 | _aR3xC57x:g, L3 | ||
| 100 |
_aBury R G ed _913151 |
||
| 245 | 0 |
_aSymposium of Plato _b with introduction , critical notes and commentary |
|
| 250 | _a2nd | ||
| 260 |
_aCambridge _bW Heffer _c1973 |
||
| 300 |
_alxxviii,179p. illus _ccm. |
||
| 500 | _aBib lxxi-lxxviiip | ||
| 942 |
_hR3xC57x:g, L3 _cTEXL _2CC |
||
| 999 |
_c119597 _d119597 |
||